Δικτύωση καθοριζόμενη από λογισμικό και εικονικοποίηση των δικτυακών λειτουργιών (SDN - NFV) : πτυχιακή εργασία
Η παρούσα διπλωματική παρουσιάζει τις τεχνολογίες Software-Defined Networking (SDN) και Network Functions Virtualization (NFV) και τον τρόπο με τον οποίο δημιουργούν ένα νέο πλαίσιο σχεδιασμού και ανάπτυξης ενός δικτύου και των υπηρεσιών του όταν αυτές οι δύο τεχνολογίες συνδυάζονται....
Αποθηκεύτηκε σε:
| Κύριος συγγραφέας: | |
|---|---|
| Συγγραφή απο Οργανισμό/Αρχή: | |
| Άλλοι συγγραφείς: | |
| Μορφή: | Thesis Βιβλίο |
| Γλώσσα: | Greek |
| Δημοσίευση: |
2015.
|
| Θέματα: | |
| Διαθέσιμο Online: | http://hdl.handle.net/11610/8839 |
| Ετικέτες: |
Προσθήκη ετικέτας
Δεν υπάρχουν, Καταχωρήστε ετικέτα πρώτοι!
|
MARC
| LEADER | 00000cam a2200000 a 4500 | ||
|---|---|---|---|
| 001 | 1/111076 | ||
| 008 | 160609s2015####gr | ||| |||| ||gre|| | ||
| 040 | |a GR-MyUa |b gre |c GR-MyUa |e AACR2 | ||
| 041 | 0 | |a gre | |
| 082 | 7 | |a 004.6 |2 (23) | |
| 100 | 1 | |a Κοτλίδα, Μαρία. | |
| 245 | 1 | 0 | |a Δικτύωση καθοριζόμενη από λογισμικό και εικονικοποίηση των δικτυακών λειτουργιών (SDN - NFV) : |b πτυχιακή εργασία / |c επιβλέπων καθηγητής Σκούτας Δημήτριος. |
| 260 | |c 2015. | ||
| 300 | |a vii, 87 σ. : |b εικ. ; |c 30 εκ. | ||
| 500 | |a Μέλη της εξεταστικής επιτροπής: Σκούτας Δημήτριος, Σκιάνης Χαράλαμπος, Βουγιούκας Δημοσθένης. | ||
| 502 | |a Πτυχιακή εργασία - Πανεπιστήμιο Αιγαίου, Σάμος, 2015. | ||
| 504 | |a Βιβλιογραφία: σ. 85-87. | ||
| 506 | 1 | |a Διάθεση πλήρους κειμένου ; |d Ενδοπανεπιστημιακή πρόσβαση. | |
| 520 | 8 | |a Η παρούσα διπλωματική παρουσιάζει τις τεχνολογίες Software-Defined Networking (SDN) και Network Functions Virtualization (NFV) και τον τρόπο με τον οποίο δημιουργούν ένα νέο πλαίσιο σχεδιασμού και ανάπτυξης ενός δικτύου και των υπηρεσιών του όταν αυτές οι δύο τεχνολογίες συνδυάζονται. | |
| 540 | |a Κλειδωμένη η δυνατότητα αντιγραφής (copy) κειμένου. | ||
| 650 | 0 | |a Software-defined networking (Computer network technology) | |
| 650 | 0 | |a Dissertations, Academic |z Greece. | |
| 700 | 1 | |a Σκούτας, Δημήτριος, |e dgs [Επιβλέπων καθηγητής] | |
| 710 | 2 | |a Πανεπιστήμιο Αιγαίου. |b Σχολή Θετικών Επιστημών. |b Τμήμα Μηχανικών Πληροφοριακών και Επικοινωνιακών Συστημάτων. | |
| 852 | |a INST |b SAMOS |c DIATR |e 20160609 |h 004.6 ΚΟΤ |p 005300043632 |q 005300043632 |t DIE |y 23 | ||
| 856 | |u http://hdl.handle.net/11610/8839 | ||
| 924 | |a Κοτλίδα |b Μαρία |y Σάμος |z 09-06-2016 | ||
| 970 | |a Κοσιέρης |b Χρήστος |z 09-06-2016 | ||